000
00349nam a2200145Ia 4500
008
240624s9999 xx 000 0 und d
041
_a
eng
082
_a
153.94 DAT
100
_a
DATEY V S
245
_a
LIMITED INSOLVENCY EXAMINATION GUIDE
250
_a
(2nd ed.)
260
_c
2019
_a
New Delhi
_b
Taxmann
300
_a
1088 p.
365
_c
RS
_b
30
999
_c
31851
_d
31851